Horoskop na každý deň po celý rok 1994. Škorpión 23. október - 21. november. /

Uložené v:
Podrobná bibliografia
Hlavný autor: Havelka, Emil (Author)
Médium: Kniha
Jazyk:Slovak
Vydané: Bratislava : Semic-Slovart, a.s., 1994
Vydanie:1. vyd.
Témy:
ISBN: 8071472387 (brož.)
Fyzický popis: 72 s.
Tagy: Pridať tag
Žiadne tagy, Buďte prvý kto otaguje tento záznam!

MARC

LEADER 00000nam a2200000 a 4500
001 000071639
003 SVKK
005 20010430000000.0
008 000419s1994 xo e sloo
020 |a 8071472387 (brož.) 
040 |a SVKKK  |b slo  |c SVKKK  |e AACR2 
041 0 |a slo 
044 |a xo  |c SK 
080 |a 133.52  |2 1997 
100 1 |a Havelka, Emil  |4 aut 
245 1 0 |a Horoskop na každý deň po celý rok 1994. Škorpión 23. október - 21. november. /  |c Emil Havelka 
250 |a 1. vyd. 
260 |a Bratislava :  |b Semic-Slovart, a.s.,  |c 1994 
300 |a 72 s. 
653 0 |a horoskopy  |2 SVKKKPH 
653 0 |a výklady  |2 SVKKKPH 
655 7 |a príručky  |2 SVKKKPH 
910 |a svkkk 
919 |a 80-7147-238-7 
974 |a MI  |d 20000419 
974 |a PA  |d 20000419 
974 |a PA  |d 20010430 
998 |a BK 
090 |g SCKHL  |k Sklad Hlavná 10 prízemie  |a I.65165  |j 868409  |i 2720379740  |s Absenčne